Quizzes
Events
Quiz Creation
Community
Videos
Private Events
Remove Ads
Sign In
Join for FREE
Feedback
Dark Mode
Quiz Categories
Sports
Geography
Music
Movies
Television
Just For Fun
Miscellaneous
History
Literature
Language
Science
Gaming
Entertainment
Religion
Holiday
For Kids
Quiz Lab
Recent
Popular Today
Quiz Kudos Today
Editor Picks
Curator Picks
Quizzes by...
Day
Popularity
Type
Ratings
Length
Year
Community
Subscriptions
Recent Discussions
Orange Saloon
Badges
Playlists
Quests
Create
Leaderboards
Showdown
Live 5
Trivia Bingo
Activity
Puzzle Library
Sporcle Events
Private Events
Virtual Trivia
Globe League
Become a Host
Pub Owners
SporcleCon
Opinionation
Our Games
Videos
Blog
Mobile Apps
Partnerships
Remove Ads and Go Orange
Feedback
Movies
Disney
Marvel Cinematic Universe
Movie Resume
Movie Titles
Oscar
Actor
Actress
Director
Pixar
Role
Movie Quotes
Movie Characters
Box Office
Nominee
Best Picture
Star Wars
James Bond
Horror Movies
Movies
Disney
Marvel Cinematic Universe
Movie Resume
Movie Titles
Oscar
Actor
Actress
Director
Pixar
Role
Movie Quotes
Movie Characters
Box Office
Nominee
Best Picture
Star Wars
James Bond
Horror Movies
Random Quiz
Search Sporcle
×
Quiz Lab
Quiz Lab
Movies
1950
Type in answers that appear in a list
Type in answers that appear in a list
Classic
Best Score? Go Orange.
50 Films from the 1950s Stats
Can you name the '50s film from the various clues?
By
tobes32
15m
50 Questions
724 Plays
724 Plays
724 Plays
Comments
Comments
Give Quiz Kudos
Give Quiz Kudos
-
- Ratings
hide this ad
Replay
Link that replays current quiz
Next Quiz
Link to next quiz in quiz playlist
You Got
0%
They Got
Avg Score
67%
Avg Friend Score
Upgrade to see
Score Distribution
Jump to the score distribution portion of the page
Score
0/50
Timer
15:00
0
Plays Today
Clue
Film
% Correct
Wheelchair-
bound photographer suspects possible murder while peering through binoculars
Rear Window
89.5%
Animated romance between a prim cocker spaniel and a stray schnauzer
Lady and the Tramp
87.6%
'All right, Mr. DeMille, I'm ready for my close-
up.'
Sunset Boulevard
86.7%
Study of troubled teenagers with James Dean, Sal Mineo, and Natalie Wood
Rebel Without a Cause
86.5%
Biblical epic of Moses
The Ten Commandments
85.9%
Two musicians witness St. Valentine's Day Massacre and hide by joining all-
girl band
Some Like it Hot
85.9%
Emotions and tempers flare as a murder case is deliberated in a jury room
12 Angry Men
85.5%
'I coulda been a contender.'
On the Waterfront
84.8%
British POWs build bridge while team sets off to destroy it
The Bridge on the River Kwai
84.1%
Effects of atomic radiation = Creation of giant lizard that terrorizes Tokyo
Godzilla, King of the Monsters
83.6%
Roger Thornhill is mistakenly thought to be undercover agent and winds up fighting atop Mt. Rushmore
North by Northwest
82.9%
Elwood P. Dowd is a genial man whose best friend is a 6'3' invisible rabbit
Harvey
80.9%
Marilyn Monroe stands on subway grate with billowing skirt
The Seven Year Itch
80.5%
English schoolteacher travels to Siam
The King and I
79.4%
Neurotic Southern belle arrives at her sister's place in New Orleans
A Streetcar Named Desire
78.3%
Psychological thriller of illusion vs. reality involving acrophobic detective and complex murder plot
Vertigo
77.3%
Phileas Fogg sets off on an adventure to fulfill bold wager of film's title
Around the World in 80 Days
76.4%
'Fasten your seatbelts, it's going to be a bumpy night!'
All About Eve
74%
Royal princess has romantic fling with an American reporter in Italy
Roman Holiday
73.9%
Canadian boat captain and British missionary take on Germans in WWI East Africa
The African Queen
72.5%
Circus spectacle of epic proportions
The Greatest Show on Earth
70%
'It creeps and leaps and glides and slides across the floor right through the door, and all around the wall, a splotch, a blotch, be careful of...'
The Blob
70%
Mark Antony, Brutus, Cassius
Julius Caesar
69.8%
Production company faces difficulties moving from silent to talking pictures
Singin' in the Rain
68.5%
Japanese village hires warriors to fight off bandits
Seven Samurai
68.5%
Clue
Film
% Correct
Three castaways are picked up by Captain Nemo's advanced submarine
20,000 Leagues Under the Sea
67.7%
Alien comes to Earth with anti-
nuclear warning
The Day the Earth Stood Still
67.5%
Army life in Hawaii in the days before Pearl Harbor attack
From Here to Eternity
67.4%
Marshal Will Kane anxiously awaits the arrival of Frank Miller
High Noon
67.3%
Mysterious woman is passed off as being the daughter of Czar Nicholas II of Russia
Anastasia
66.6%
Psychopath has mind to 'swap murders' with tennis player
Strangers on a Train
66%
Two men spend years persistently looking for girl captured by Indians
The Searchers
66%
Oscar winner for Best Special Effects based on 1898 H.G. Wells novel
The War of the Worlds
64.9%
Residents of a small town are being duplicated by alien pods
Invasion of the Body Snatchers
64.9%
A Tale of the Christ
Ben-Hur
64.4%
Lavish musical of war vet remaining in France to pursue painting
An American in Paris
62.2%
Classic about a boy and a stray dog in post-
Civil War Texas
Old Yeller
61.7%
Man's scheme to have his wealthy wife murdered doesn't go as planned
Dial M for Murder
59.4%
Teacher at an inner-
city high school deals with unruly students
Blackboard Jungle
53.5%
Medieval knight plays chess with Death during plague
The Seventh Seal
52.9%
Serial-
killing preacher seeks location of cell mate's stolen money
The Night of the Hunter
52.5%
Captain Queeg's authority is relieved during violent storm at sea
The Caine Mutiny
52.5%
A traitor appears to be dealing with the Germans at a WWII POW camp
Stalag 17
52.1%
Musical that won nine Oscars -
a record at that time (only lasted one year, however)
Gigi
48.2%
Otto Preminger's courtroom drama of small-
town lawyer defending military man who avenged attack on wife
Anatomy of a Murder
47.8%
Black and white escaped prisoners are shackled to each other as they flee from authorities
The Defiant Ones
44.2%
After a failed attack during WWI, three innocent men are court-
martialed and sentenced to death
Paths of Glory
39.8%
The transport of outlaw Ben Wade turns into a mind game for rancher Dan Evans
3:10 to Yuma
38.8%
Australians await nuclear fallout after World War III
On the Beach
33.7%
'One-
armed' war veteran searching for Japanese-
American is not welcomed by folks of isolated town
Bad Day at Black Rock
28.9%
Quiz Playlist
Details
Report
Send in Message
Add To Playlist
Classic:
Type in answers that appear in a list
Last Updated: Feb 16, 2017
Quiz Scoreboard
CHALLENGE
Sign Up to Join the Scoreboard
Show All
Scores
Hide
Comments
May contain spoilers
Recently Published
College Basketball Coaching Resumes
by pancakes188
Sports
9m
Billboard Blitz: Fleetwood Mac
by CooCooCachoo
Music
15s
Presidents Visiting Landmarks
by Hejman
History
7m
More to Explore
Quiz From the Vault
Featured Blog Post
Where Did the Easter Bunny Come From?
hide this ad
You Might Also Like...
Tags
1950
1950s
Today's Top Quizzes in Movies
Browse Movies
hide this ad
Today's Top Quizzes in 1950
Browse 1950
Top Contributed Quizzes in Movies
1
Pick 5 Posters: Directed by Spielberg
2
7-to-1: Pixar Characters
3
Pick 5 Posters: Lowest-Rated Spielberg
4
Pick 5 Posters: Directed by Scorsese
5
Sorting Actors
6
Sorting Actresses
7
Pick 5 Posters: Star & Director
8
Pick 5 Posters: Women Directed 2020s
9
12 Movies about Fictional 1960s Events
10
Multi-Oscar Nominations, One Movie, One Winner
Explore More
Trending Topics
Marvel
Anime
Disney
NBA
Crossword
Kpop
Harry Potter
Pokémon
Soccer
NFL
The Office
WWE
Song
Puzzle
Country
hide this ad
More By:
tobes32
Quiz
Plays
Rating
Category
Featured
Created
Movie Skeletons
48,565
4.53
Movies
Oct 28, 2015
Missing Word: 'L' Words in Movie Titles
45,240
4.22
Just For Fun
Feb 24, 2011
1950s Movie Slideshow
26,307
4.76
Movies
Jan 14, 2014
Missing Word: 'M' Words in Movie Titles
20,465
4.34
Just For Fun
Feb 5, 2011
Missing Word: Agatha Christie Mysteries
4,685
4.60
Just For Fun
May 13, 2010
Go to Creator's Profile
Score Distribution
Quiz Creator Spotlight
tobes32
Follow
Send a Message
Quizzes Created
-
Created Quiz Play Count
-
More By This Creator
Popular Quizzes Today
1
Find the US States - No Outlines Minefield
2
Find the Countries of Europe - No Outlines Minefield
3
The Countries of the World
4
Find the US States
5
Risky Map Clicking: Biggest States A-Z
6
US States
7
Popular People in 1961
8
Movies - When Are They Set?
More Movies Quizzes
'G' ING Word Missing in Movie Titles
Quiz Lab
Trending Quizzes
Risky Map Clicking: Least Populous States A-Z
1-10 Letter G Words
1-10 Letter F Words
Risky Map Clicking: Next State Alphabetically
Click the Washington State Counties! (Map)
Recently Updated
Leaping Animals
pecheneg
Reality TV Shows (A-Z)
bhenderson79
Rickey Henderson's Hall of Fame Teammates
pecheneg
Champions League XIs: Arsenal
pecheneg
Quick Pick: Celebrities in WWE's Hall of Fame
aduchscher
A-Z Keypad Blitz II
pecheneg
Multiple Oscar Actors
pecheneg
Mystery Phrase Blitz: Oscar 'Best Actors'
pecheneg
F. Scott Fitzgerald Novels
LTH
Pick 3 Villains
ddd62291
Trending Topics
Kpop
Harry Potter
Marvel
Crossword
Disney
Anime
NBA
Puzzle
NFL
Country
Song
Soccer
The Office
Pokémon
WWE
Your Account Isn't Verified!
In order to create a playlist on Sporcle, you need to verify the email address you used during registration. Go to your
Sporcle Settings
to finish the process.
Report this User
Report this user for behavior that violates our
Community Guidelines
.
Details:
Send Report
Go to the Sporcle.com Mobile Site →
Comments